|
|
|
|
| LEADER |
03939nam a2200625 4500 |
| 001 |
ocn876042957 |
| 003 |
OCoLC |
| 005 |
20180501122017.0 |
| 006 |
m o d |
| 007 |
cr cn||||||||| |
| 008 |
140315t20142014cau ob 001 0 eng d |
| 040 |
|
|
|a E7B
|b eng
|e rda
|e pn
|c E7B
|d UIU
|d YDXCP
|d KUK
|d BUF
|d OCLCO
|d IDEBK
|d CDX
|d AZS
|d OCLCF
|d NLGGC
|d CUS
|d EBLCP
|d N$T
|d DEBSZ
|d VVL
|d OCLCQ
|d OCL
|d OCLCQ
|d OCLCO
|d OCLCA
|d GrThAP
|
| 019 |
|
|
|a 871225501
|a 871641175
|a 880863850
|a 900557688
|
| 020 |
|
|
|a 9780124201798
|q (e-book)
|
| 020 |
|
|
|a 0124201792
|q (e-book)
|
| 020 |
|
|
|a 1306464382
|q (ebk)
|
| 020 |
|
|
|a 9781306464383
|q (ebk)
|
| 020 |
|
|
|a 9780124201200
|
| 020 |
|
|
|a 0124201202
|
| 035 |
|
|
|a (OCoLC)876042957
|z (OCoLC)871225501
|z (OCoLC)871641175
|z (OCoLC)880863850
|z (OCoLC)900557688
|
| 050 |
|
4 |
|a TP248.24
|b .L33 2014eb
|
| 060 |
|
4 |
|a QU 25
|
| 072 |
|
7 |
|a SCI
|x 080000
|2 bisacsh
|
| 072 |
|
7 |
|a SCI
|x 060000
|2 bisacsh
|
| 082 |
0 |
4 |
|a 660.6
|2 23
|
| 049 |
|
|
|a TEFA
|
| 245 |
0 |
0 |
|a Laboratory methods in enzymology.
|n Volume 539,
|p Protein,
|n Part B /
|c edited by John Lorsch.
|
| 264 |
|
1 |
|a San Diego, California :
|b Academic Press,
|c 2014.
|
| 264 |
|
4 |
|c ©2014
|
| 300 |
|
|
|a 1 online resource (240 pages).
|
| 336 |
|
|
|a text
|b txt
|2 rdacontent
|
| 337 |
|
|
|a computer
|b c
|2 rdamedia
|
| 338 |
|
|
|a online resource
|b cr
|2 rdacarrier
|
| 490 |
1 |
|
|a Methods in enzymology,
|x 0076-6879 ;
|v v. 539, pt. B
|
| 504 |
|
|
|a Includes bibliographical references and indexes.
|
| 505 |
0 |
0 |
|t In vitro synthesis of proteins in bacterial extracts --
|t Preparation of a Saccharomyces cerevisiae cell-free extract for in vitro translation --
|t Yeast two-hybrid screen --
|t UV cross-linking of interacting RNA and protein in cultured cells --
|t Analysis of RNA-protein interactions by cell mixing --
|t General protein-protein cross-linking --
|t Chromatin immunoprecipitation and multiplex sequencing (ChIP-Seq) to identify global transcription factor binding sites in the nematode Caenorhabditis elegans --
|t PAR-CLIP (phoactivatable ribonucleoside-enhanced crosslinking and immunoprecipitation): a step-by-step protocol to the transcriptome-wide identification of binding sites of RNA-binding proteins --
|t Determining the RNA specificity and targets of RNA-binding proteins using a three-hybrid system --
|t Dissecting a known RNA-protein interaction using a yeast three-hybrid system --
|t Identifying proteins that bind a known RNA sequence using the yeast three-hybrid system.
|
| 588 |
0 |
|
|a Online resource; title from PDF title page (ebrary, viewed March 10, 2014).
|
| 520 |
|
|
|a Laboratory Methods in Enzymology: Protein Part B brings together a number of core protocols concentrating on protein, carefully written and edited by experts. Indispensable tool for the researcher Carefully written and edited by experts to contain step-by-step protocolsIn this volume we have brought together a number of core protocols concentrating on protein.
|
| 650 |
|
0 |
|a Biotechnology
|x Methodology.
|
| 650 |
|
0 |
|a Biotechnology.
|
| 650 |
|
0 |
|a Proteins
|x Analysis.
|
| 650 |
|
0 |
|a Enzymes
|x Analysis.
|
| 650 |
|
7 |
|a SCIENCE
|x Essays.
|2 bisacsh
|
| 650 |
|
7 |
|a SCIENCE
|x Reference.
|2 bisacsh
|
| 650 |
|
7 |
|a Biotechnology.
|2 fast
|0 (OCoLC)fst00832729
|
| 650 |
|
7 |
|a Biotechnology
|x Methodology.
|2 fast
|0 (OCoLC)fst00832759
|
| 650 |
|
7 |
|a Enzymes
|x Analysis.
|2 fast
|0 (OCoLC)fst00913606
|
| 650 |
|
7 |
|a Proteins
|x Analysis.
|2 fast
|0 (OCoLC)fst01079714
|
| 650 |
|
2 |
|a Proteins
|x analysis.
|
| 655 |
|
4 |
|a Electronic books.
|
| 700 |
1 |
|
|a Lorsch, Jon,
|e editor.
|
| 773 |
0 |
8 |
|7 nnam
|i (MP)
|t Laboratory Methods in Enzymology: Protein
|w (NL-LeOCL)370879716
|w (OCoLC)868142707
|
| 776 |
0 |
8 |
|i Print version:
|t Laboratory Methods in Enzymology.
|b First edition.
|d Amsterdam, Netherlands ; Boston, Mass. : Elsevier / Academic Press, ©2014
|z 9780124201200
|w (OCoLC)873939500
|
| 830 |
|
0 |
|a Methods in enzymology ;
|v volume 539, pt. B.
|
| 856 |
4 |
0 |
|u https://www.sciencedirect.com/science/bookseries/00766879/539
|z Full Text via HEAL-Link
|